00729nam a2200181 a 4500008004100000020001500041050001700056100001900073245009000092260003800182300001300220350000900233650001400242650003600256995010600292999001700398952013200415071001s1994 ||||||||||||||||| || u a0792329686 aK 3240.6 Hum aBeaty, David M10aHuman rights and judicial review: a comparative perspectivecedited by David M. Beaty aDerdrechtbMartinus Nijhoffc1994 ax, 361p. a0.00 aReligions aHUMAN RIGHTS--RELIGEOUS ASPECTS D0.00FCBU-MAIN LIBRARY (Kitwe)H1I0.00M1UDAMAGEDWOct 1, 2007ZMain Library Open Access Collection c45971d45971 00102lcc4070a001b001cMain Library Open Access Collectiond2022-11-30l0oK 3240.6 Hump39890r2022-11-30w2022-11-30y002